000 00875nam a2200217Ia 4500
003 IN-BaIIA
008 211028s9999 xx s 000 0 eng d
020 _a978-1-107-03384-9 (Print)
022 _a1743-9213 (Print)
022 _a1743-9221 (Online)
040 _cIIA Library
100 _aThomas, Daniel, ed.
_940618
245 4 _aThe intriguing life of massive galaxies
_h[eBook]
260 _aCambridge
_bCambridge University Press
_c2014
300 _aOnline resource
490 _aIAU Symposium; no. 295
700 _aFerreras, Ignacio, ed.
_940619
700 _aPasquali, Anna, ed.
_940620
856 _uhttps://www.cambridge.org/core/journals/proceedings-of-the-international-astronomical-union/issue/E6A5BA2F3E0619D4C518A30026EFD393
_yClick Here to Access eBook
942 _cEB
999 _c22005
_d22005